| 000 | 01202cam a2200349 i 4500 | ||
|---|---|---|---|
| 001 | 49709 | ||
| 003 | KOSZ 005 | ||
| 005 | 20220523141006.0 | ||
| 008 | 110219s1965 pl |000 0 pol | ||
| 040 |
_cKOSZ 005 _aKOSZ 005 _dKOSZ 005/HR |
||
| 046 | _k1965 | ||
| 080 | _a374.7 | ||
| 080 | _a37.018.4-022.324 | ||
| 080 | _a37.013.83 | ||
| 100 | 1 |
_aUrbańczyk, Franciszek _d(1900-1976) _eAutor |
|
| 245 | 1 | 0 |
_aDydaktyka dorosłych / _cFranciszek Urbańczyk ; [red. nauk. Kazimierz Wojciechowski]. |
| 260 |
_aWrocław : _bZakład Narodowy im. Ossolińskich, _c1965. |
||
| 300 |
_a407 s. ; _c21 cm. |
||
| 380 | _aKsiążki | ||
| 388 | _a1901-2000 | ||
| 388 | _a1945-1989 | ||
| 504 | _aBibliogr. przy rozdz. Indeksy. | ||
| 650 | 4 | _aNauczanie dorosłych | |
| 650 | 4 | _aMetody nauczania | |
| 650 | 4 | _aMotywacja uczenia się | |
| 650 | 4 | _aKształcenie ustawiczne | |
| 658 | _aEdukacja i pedagogika | ||
| 700 | 1 |
_aWojciechowski, Kazimierz _d(1905-1994) _eRedakcja |
|
| 710 | 2 |
_aWydawnictwo Ossolineum _4pbl |
|
| 856 |
_uhttp://koha.tu.koszalin.pl/cgi-bin/koha/opac-detail.pl?biblionumber=49709 _yKatalog online BPK |
||
| 942 |
_cKS _2UKD |
||
| 999 |
_c49709 _d49709 |
||